[Event "World Cup"]
[Site "Belfort"]
[Date "1988.??.??"]
[Round "?"]
[White "Ljubojevic, Ljubomir"]
[Black "Andersson, Ulf"]
[Result "1/2-1/2"]
[WhiteElo "2610"]
[BlackElo "2605"]

1.e4 e6 2.d4 d5 3.Nd2 c5 4.Ngf3 Nc6 5.exd5 exd5 6.Bb5 Bd6 7.dxc5 Bxc5 8.Nb3 Bd6
9.O-O Ne7 10.Re1 O-O 11.c3 Bg4 12.Be2 Re8 13.Nfd4 Bxe2 14.Rxe2 Qd7 15.Nf3 h6
16.Be3 Rad8 17.Bc5 Bb8 18.Nbd4 Ng6 19.Nxc6 bxc6 20.g3 Rxe2 21.Qxe2 Re8 22.Qf1 Nf8
23.Bxf8 Kxf8 24.Qd3 Kg8 25.Re1  1/2-1/2

[Event "World Cup"]
[Site "Belfort"]
[Date "1988.??.??"]
[Round "?"]
[White "Huebner, Robert"]
[Black "Karpov, Anatoly"]
[Result "1/2-1/2"]
[WhiteElo "2595"]
[BlackElo "2715"]

1.e4 c6 2.d4 d5 3.Nd2 dxe4 4.Nxe4 Nd7 5.Ng5 Ndf6 6.Bc4 e6 7.N1f3 h6 8.Nh3 Bd6
9.Qe2 Ne7 10.Bd2 Qc7 11.O-O-O b5 12.Bd3 a6 13.Rhe1 Bb7 14.g3 c5 15.dxc5 Qxc5
16.Ne5 Qxe5 17.Qxe5 Bxe5 18.Rxe5 Ng4 19.Rc5 Nxh2 20.Be2 Bf3 21.Bxf3 Nxf3
22.Ba5 O-O 23.Rd3 Nh2 24.a4 Rfc8 25.Rxc8+ Rxc8 26.axb5 axb5 27.Rb3 Rb8 28.Bc7 Rb7
29.Bd6 Nc6 30.Rc3 Nd4 31.Rc8+ Kh7 32.Nf4 Nf5 33.Bc5 Nf3 34.b3 e5 35.Nd5 h5
36.c4 bxc4 37.bxc4 Rb3 38.Be3 Rd3 39.Rc7 Kg6 40.Rd7 N3d4 41.Kb2 Rb3+ 42.Ka2 Rb8
43.Bxd4 Nxd4 44.Ne7+ Kg5 45.c5 Ne6 46.c6 Rb5 47.c7 Nxc7 48.Rxc7 e4 49.Nc8 Rf5
50.Rc2 Rd5 51.Kb2 Kg4 52.Kc1 e3 53.fxe3 Kxg3 54.e4 Rd4 55.e5 h4 56.Nd6 Rf4
57.Rc3+ Kg2 58.Rc2+ Kg1 59.Rc7 h3 60.e6 Rf1+ 61.Kb2 Rf2+ 62.Kb3 fxe6 63.Ne4 Rg2
64.Rc1+ Kh2 65.Kc3 g5 66.Kd3 g4 67.Nf6 Kg3 68.Ne4+ Kf4 69.Rf1+ Ke5 70.Ke3 Ra2
71.Nf2 Ra3+ 72.Ke2 Ra4 73.Ke3 Ra3+ 74.Ke2 Ra4 75.Ke3 Rc4 76.Nd3+ Kd6 77.Nf2 Ra4
78.Rh1 Ra3+ 79.Ke2 Ra2+ 80.Ke3 Ra3+ 81.Ke2 Ra4 82.Nxg4  1/2-1/2

[Event "World Cup"]
[Site "Belfort"]
[Date "1988.??.??"]
[Round "?"]
[White "Beliavsky, Alexander G"]
[Black "Spassky, Boris V"]
[Result "1/2-1/2"]
[WhiteElo "2645"]
[BlackElo "2565"]

1.e4 e5 2.Nf3 Nc6 3.Bb5 a6 4.Ba4 Nf6 5.O-O d6 6.d4 b5 7.dxe5 dxe5 8.Qxd8+ Nxd8
9.Bb3 Bd6 10.Bg5 Ne6 11.Bxf6 gxf6 12.Nc3 c6 13.Ne2 Bc5  1/2-1/2